Verrückte Klick-Mathematik - Statistiken

Allgemein
  • Dieses Quiz wurde 648 mal gespielt
  • Das Durchschnittsergebnis liegt bei 16 aus 30
Antwortstatistiken
Hint Antwort % Korrekt
1+1 2
99%
Was ist die größte Zahl hier 4
98%
3-1 2
89%
2+1 3
89%
4-2 2
88%
12/4 3
88%
-4+6 2
86%
5/2,5 2
85%
3^1 3
82%
9-8 1
81%
2(3-1) 4
81%
2^2 4
81%
40/10 4
77%
Kubikwurzel von 27 3
76%
2/1 2
73%
2^0 1
67%
(2^3)/(2^2) 2
63%
6(1/2) 3
53%
Quadratwurzel aus 4 2
42%
48/24+2 4
42%
30-58/2 1
32%
56/8-4 3
20%
(-4)^2-15 1
13%
6/(4+2) 1
13%
(20-10)/5 2
11%
2x+4=10 Was ist der Wert von x? 3
5%
Kleinste natürliche Zahl 1
4%
2^2 4
4%
2x+4=7x-1 Was ist der Wert von x? 1
3%
Wie viele positive Faktoren hat 6? 4
1%
Keine übereinstimmenden Quizze gefunden
Verteilung der Resultate
Anzahl Personen mit jedem Resultat
Perzentil nach korrekt beantworteten Fragen
Ihre Resultats-Entwicklung
Sie haben dieses Quiz noch nicht gespielt